Na' Personal - Miky Woodz, Alex Rose - Estadísticas

Estadísticas generales
  • Esta prueba ha sido intentada 35 veces
  • La puntuación promedio es 412 de 642
Estadísticas de respuestas
Letra % Correcto
de
100%
e
100%
en
100%
la
100%
La
100%
Lo
100%
lo
100%
m
100%
No
100%
no
100%
s
100%
si
100%
u
100%
a
88%
Baby
88%
baby
88%
es
88%
I
88%
llamé
88%
mal
88%
88%
mi
88%
misionar
88%
na
88%
oficial
88%
pa
88%
88%
88%
Pa
88%
personal
88%
qué
88%
que
88%
Que
88%
sientas
88%
t
88%
te
88%
Te
88%
un
88%
y
88%
Y
88%
Yo
88%
yo
88%
cabrón
75%
Cabrón
75%
chingar
75%
contigo
75%
ey
75%
fui
75%
me
75%
Me
75%
pasó
75%
piensas
75%
75%
se
75%
sólo
75%
decir
63%
di
63%
Eh
63%
eh
63%
el
63%
El
63%
Fue
63%
nada
63%
ni
63%
nos
63%
Pero
63%
pero
63%
placer
63%
probar
63%
quería
63%
Quería
63%
real
63%
somo
63%
Somo
63%
63%
63%
tu
63%
Ya
63%
ah
50%
Ah
50%
be
50%
bellaquera
50%
cartera
50%
coja
50%
condone
50%
da
50%
iba
50%
Le
50%
oh
50%
respete
50%
sabía
50%
ser
50%
sin
50%
una
50%
yeah
50%
Yeah
50%
adultos
38%
ahora
38%
Aunque
38%
claro
38%
cojas
38%
come
38%
como
38%
contrato
38%
filete
38%
Las
38%
mentí
38%
mesa
38%
Miky
38%
Percoce
38%
por
38%
presa
38%
quiera
38%
quiere
38%
Relación
38%
seria
38%
ti
38%
Vegas
38%
ver
38%
vete
38%
Woodz
38%
aceptaste
25%
advertí
25%
aquí
25%
bajar
25%
bajé
25%
capeo
25%
casamo
25%
chingas
25%
conocí
25%
dejas
25%
desde
25%
Desde
25%
dice
25%
dije
25%
divertí
25%
do
25%
Ella
25%
encima
25%
era
25%
esa
25%
ese
25%
feca
25%
hablé
25%
hable
25%
Haití
25%
hombre
25%
infiel
25%
interesa
25%
jaqueca
25%
mañana
25%
merece
25%
mía
25%
muere
25%
niego
25%
oficialmente
25%
pasa
25%
peca
25%
pertenecer
25%
phillie
25%
pongas
25%
puse
25%
sabe
25%
serio
25%
sola
25%
también
25%
tan
25%
uno
25%
amarrarme
13%
avece
13%
Ay
13%
beca
13%
Canelo
13%
canto
13%
comienzo
13%
creía
13%
dejar
13%
Don
13%
enrolar
13%
get
13%
hablo
13%
hasta
13%
heh
13%
Hol
13%
it
13%
juquear
13%
Let
13%
malinterpretes
13%
nunca
13%
obligarte
13%
quieres
13%
quiero
13%
roncar
13%
soy
13%
Tampoco
13%
Tss
13%
Uh
13%
uh
13%
vo
13%
Yeh
13%
Ajá
0%
amor
0%
busqué
0%
comencé
0%
Cuando
0%
digo
0%
done
0%
empezaste
0%
entiende
0%
estás
0%
hmm
0%
Huh
0%
jajaja
0%
Jajaja
0%
mentir
0%
Never
0%
Nope
0%
prrr
0%
Sajajaja
0%
True
0%
up
0%
Yaeh
0%
Yup
0%
No se encontraron pruebas coincidentes
Distribución de puntuación
Porcentaje de gente con cada puntuación
Porcentaje por número respondido
Historial de tus puntuaciones
No has intentado esta prueba.